000 01505nam a2200241 u 4500
001 000383196
003 AM-YeHGA
005 20250618072321.0
008 041116s1983 ai r 000 0 rus d
040 _aAM-YeHGA
041 0 _arus
245 0 0 _aПсихологические аспекты тренажеростроения :
_bМатериалы Всесоюзной конференции: март 1981 г., г. Цахкадзор АрмССР /
_cЕГУ, Науч. совет по комплексной проблеме "Кибернетика" АН СССР, Ин-т психологии АН СССР, Совет молодых ученых и cпец. ЦК ЛКСМ Армении; Редкол.: Р.В. Агузумцян и др.
260 _aЕреван :
_bИзд-во Ерев. ун-та,
_c1983.
300 _a114 с. ;
_c20 см.
650 1 4 _aТренажеростроение
700 1 _aԱղուզումցյան, Ռուբեն Վազգենի,
_d1945-
_eред.
_4edt
_92120
710 2 _aЕреванский государственный университет
710 2 _aНаучный совет по комплексной проблеме "Кибернетика" АН СССР
710 2 _aИнститут психологии АН СССР
710 2 _aСовет молодых ученых и специалистов ЦК ЛКСМ Армении
711 2 _aВсесоюзная конференции
_d(1981 :
_cЦахкадзор)
090 _c147518
999 _c146132
_d146132